000 00533nam a22001457a 4500
020 _qHB.
040 _cFIZZA ISHAQ
082 _a902.02
_bBIN
100 _a Fiona Chandler; Sam Taplin , Jane Bingham.
_9134342
245 _aThe Usborne Internet-Linked Encyclopedia of World History /
_cJane Bingham; Fiona Chandler; Sam Taplin.
250 _aIllustrated / Internet-linked edition.
260 _aLondon :
_bUsborne Publishing Ltd ,
_c1968.
300 _a415 P. ; Colour illustrations, maps, photographs.
_c28.3 cm
942 _2ddc
_cBK
999 _c617319
_d617319